| 000 | 00785cam a2200313 4500 | ||
|---|---|---|---|
| 001 | M2284 | ||
| 008 | 090401t1996 xxu||||| |||| 00| 0 eng d | ||
| 035 | _a(Sirsi) u37617 | ||
| 041 | _aeng | ||
| 050 | _a630.1094 | ||
| 100 | _aGooch, Robert | ||
| 245 | _aEU environmental policy and UK agriculture : what next? | ||
| 260 |
_aBrussels _bEurInco _c1996 |
||
| 300 |
_a72p. _c30cm. |
||
| 350 | _a0 | ||
| 520 | _aPrepared for the RICS by EurInco. | ||
| 650 | _aAGRICULTURAL POLICY | ||
| 650 | _aCAP | ||
| 650 | _aCOMMON AGRICULTURAL POLICY | ||
| 650 | _aENVIRONMENTAL POLICY | ||
| 650 | _aEUROPE | ||
| 650 | _aEUROPEAN UNION | ||
| 650 | _aFARMING | ||
| 650 | _aPOLLUTION | ||
| 690 | _aRURAL PRACTICE | ||
| 710 |
_aEurInco _9938 |
||
| 942 | _n0 | ||
| 948 | _c04/03/1997 | ||
| 999 |
_c90510 _d90510 |
||